00589nam a22001097a 4500008004100000100002500041245002600066260001200092300002900104520033500133773001100468221025b ||||| |||| 00| 0 eng d aMandal, Manan Kumar  aPartition literature  aYojana  a66(8), Aug, 2022: p.7-10 a The multilingual setup of Indian literature compels us to accommodate a muti dimensional history of the state and the margin. Complex trajectories of colonial enterprise and nationalism have paved the road to contemporary modern Indian literature where anecdotes of history are interwoven interwoven expression. – Reproduced  aYojana